A Tricky Countdown #2 - Statistics

General Stats
  • This quiz has been taken 38 times
  • The average score is 5 of 7
Answer Stats
# % Correct
74
100%
87
100%
61
93%
48
72%
35
59%
22
41%
9
31%
No matching quizzes found
Score Distribution
Percent of People with Each Score
Percentile by Number Answered
Your Score History
You have not taken this quiz